000
00332nam a2200133Ia 4500
008
150201s2009 xx 000 0 und d
082
_a
618.1
_b
A04K
100
_a
KOTDAWALA,PARUL
245
_a
ADOLESCENT GIRL-AN UPDATE
250
_a
1ST
260
_b
JAYPEE BROTHERS
_a
DELHI
_c
2009
650
_a
OBST & GYNAECOLOGY
942
_2
ddc
_c
BK
999
_c
1026
_d
1026